000 00500nam a2200169 i 4500
001 bg
100 1 _aDZIUNIKOWSKI, Bohdan
245 0 _aPodstawy rentgenowskiej radioizotopowej analizy fluorescencyjnej /
_cBohdan Dziunikowski. - Cz.3: Zastosowania.
260 _aKraków,
_c1980.
490 1 _aSkrypty Uczelniane ;
_vnr 764
830 _aSkrypty Uczelniane ;
040 _cBPK
041 _apol
080 _a543:535:621.039.8](075.8)
942 _cKS
008 s pl f |000 0 pol
999 _c3362
_d3362
856 _uhttp://koha.tu.koszalin.pl/cgi-bin/koha/opac-detail.pl?biblionumber=3362
_yKatalog online BPK